Analýza medzinárodného komoditného trhu s kávou bakalárska práca

Na minha lista:
Detalhes bibliográficos
Autor principal: Ondruš, Daniel
Autor Corporativo: Fakulta medzinárodných vzťahov EU. Katedra medzinárodných ekonomických vzťahov a hospodárskej diplomacie
Outros Autores: Raneta, Leonid, 1982-
Formato: Livro
Idioma:eslovaco
Publicado em: Bratislava 2017
Tags: Adicionar Tag
Sem tags, seja o primeiro a adicionar uma tag!

MARC

LEADER 00000nbm a2200000 4500
001 0232103
005 20180221152241.4
041 0 |a slo 
044 |a SK 
245 1 0 |a Analýza medzinárodného komoditného trhu s kávou  |b bakalárska práca  |c Daniel Ondruš ; školiteľ: Leonid Raneta 
264 1 |a Bratislava  |c 2017 
300 |a 51 s. 
100 1 |a Ondruš, Daniel 
700 1 |a Raneta, Leonid, 1982- 
710 2 |a Fakulta medzinárodných vzťahov EU. Katedra medzinárodných ekonomických vzťahov a hospodárskej diplomacie